000
00276nam a22001217a 4500
008
170531b xxu||||| |||| 00| 0 eng d
041
_a
eng
080
_a
93
100
_a
17
101
_a
SHH
245
_a
THE REVOLUTION FROM ABOVE, 1928-1941
_c
TUCKER, R.C
942
_2
udc
_c
BK
999
_c
15174
_d
15174